|
|
|
|
| LEADER |
00799nam a2200229 i 4500 |
| 001 |
c000099138 |
| 003 |
CARM |
| 005 |
00000000000000.0 |
| 008 |
750114s1974 enk 00011 eng |
| 015 |
|
|
|a GB74-16833
|
| 019 |
1 |
|
|a 353095
|5 LACONCORD2021
|
| 020 |
|
|
|a 0094596204 :
|c L.2.25
|
| 035 |
|
|
|a (OCoLC)3149845
|5 LACONCORD2021
|
| 050 |
0 |
0 |
|a PZ3.M35594
|b Op
|a PR6025.A654
|
| 100 |
1 |
|
|a Marshall, Bruce,
|d 1899-
|
| 245 |
1 |
0 |
|a Operation Iscariot /
|c [by] Bruce Marshall.
|
| 260 |
|
|
|a London :
|b Constable,
|c 1974.
|
| 300 |
|
|
|a 205 p. ;
|c 21 cm.
|
| 852 |
8 |
|
|b CARM
|h A2:AB06B0
|i B02990
|p 0149754
|f BK
|
| 082 |
0 |
4 |
|a 823/.9/12
|
| 999 |
f |
f |
|i f3d27945-66ec-54f5-826b-e5e7e22f24d7
|s e48eeda4-1e07-52c4-82b6-a53696d9482a
|
| 952 |
f |
f |
|p Can circulate
|a CAVAL
|b CAVAL
|c CAVAL
|d CARM 1 Store
|e B02990
|f A2:AB06B0
|h Other scheme
|i book
|m 0149754
|